Normal view
MARC view
- Institute of Electrical Enng
Entry Corporate Name
001 - CONTROL NUMBER
- control field: 41976
003 - CONTROL NUMBER IDENTIFIER
- control field: NUST
005 - DATE AND TIME OF LATEST TRANSACTION
- control field: 20210314132203.0
008 - FIXED-LENGTH DATA ELEMENTS
- fixed length control field: 210314|| aca||aabn | a|a d
040 ## - CATALOGING SOURCE
- Original cataloging agency: NUST
- Transcribing agency: NUST
110 ## - HEADING--CORPORATE NAME
- Corporate name or jurisdiction name as entry element: Institute of Electrical Enng
670 ## - SOURCE DATA FOUND
- Source citation: Work cat.: (NUST): Institute of Electrical Enng , Regulations for the electrical equipment of buildings., 1954
